[Event "Hastings Premier 1985/86 61st"]
[Site "Hastings"]
[Date "1985.12.28"]
[Round "1"]
[White "Balashov, Yuri S"]
[Black "Hjartarson, Johann"]
[Result "1/2-1/2"]
[WhiteElo "2510"]
[BlackElo "2505"]
[PlyCount "29"]
[EventDate "1985.12.28"]
[EventType "tourn"]
[EventRounds "13"]
[EventCountry "ENG"]
[EventCategory "9"]
[SourceTitle "BritBase"]
[Source "John Saunders"]
[SourceDate "2024.12.03"]
[SourceVersion "1"]
[SourceVersionDate "2024.12.03"]
[SourceQuality "1"]

1. d4 Nf6 2. c4 e6 3. Nf3 b6 4. e3 Bb7 5. Bd3 c5 6. Nc3 Be7 7. O-O cxd4 8. exd4 d5 9. cxd5 Nxd5 10. Bb5+ Bc6 11. Bc4 O-O 12. Qe2 Bf6 13. Re1 Bb7 14. Bb3 a6 15. Bd2 1/2-1/2

[Event "Hastings Premier 1985/86 61st"]
[Site "Hastings"]
[Date "1985.12.28"]
[Round "1"]
[White "Braga, Fernando Alberto"]
[Black "Mikhalchishin, Adrian"]
[Result "1/2-1/2"]
[WhiteElo "2455"]
[BlackElo "2505"]
[PlyCount "42"]
[EventDate "1985.12.28"]
[EventType "tourn"]
[EventRounds "13"]
[EventCountry "ENG"]
[EventCategory "9"]
[SourceTitle "BritBase"]
[Source "John Saunders"]
[SourceDate "2024.12.03"]
[SourceVersion "1"]
[SourceVersionDate "2024.12.03"]
[SourceQuality "1"]

1. e4 e5 2. Nf3 Nc6 3. Bb5 a6 4. Ba4 Nf6 5. O-O b5 6. Bb3 Bb7 7. Qe2 Bc5 8. c3 O-O 9. a4 d6 10. Bc2 b4 11. a5 d5 12. d3 bxc3 13. bxc3 d4 14. c4 Nd7 15. Nbd2 Qe7 16. Ba4 Bb4 17. Nb3 Rab8 18. Ne1 Nc5 19. Nxc5 Bxc5 20. Bd2 Na7 21. Nc2 Bc6 1/2-1/2

[Event "Hastings Premier 1985/86 61st"]
[Site "Hastings"]
[Date "1985.12.28"]
[Round "1"]
[White "Cramling, Pia"]
[Black "Fedorowicz, John P"]
[Result "1/2-1/2"]
[WhiteElo "2420"]
[BlackElo "2515"]
[PlyCount "91"]
[EventDate "1985.12.28"]
[EventType "tourn"]
[EventRounds "13"]
[EventCountry "ENG"]
[EventCategory "9"]
[SourceTitle "BritBase"]
[Source "John Saunders"]
[SourceDate "2024.12.03"]
[SourceVersion "1"]
[SourceVersionDate "2024.12.03"]
[SourceQuality "1"]

1. e4 c5 2. Nf3 Nc6 3. d4 cxd4 4. Nxd4 Nf6 5. Nc3 e5 6. Ndb5 d6 7. Bg5 a6 8. Na3 b5 9. Bxf6 gxf6 10. Nd5 f5 11. c3 Bg7 12. exf5 Bxf5 13. Nc2 O-O 14. Nce3 Be6 15. Qh5 f5 16. Bd3 e4 17. Bc2 Ne7 18. Nxe7+ Qxe7 19. Bb3 Bxb3 20. axb3 Qe6 21. O-O Kh8 22. b4 f4 23. Qd5 Qg6 24. Nc2 Rg8 25. g3 Be5 26. Kh1 Raf8 27. Nd4 fxg3 28. fxg3 Qg4 29. Rxf8 Rxf8 30. Kg2 Rg8 31. Qe6 Qg5 32. Qf5 Qd2+ 33. Qf2 Qd3 34. Re1 d5 35. Nc6 Bg7 36. Qe2 Qxe2+ 37. Rxe2 Bf6 38. Rd2 Rc8 39. Na5 d4 40. cxd4 e3 41. Re2 Bxd4 42. Nb3 Bg7 43. Kf3 Rc4 44. Na5 Rc7 45. Nb3 Kg8 46. Nc5 1/2-1/2

[Event "Hastings Premier 1985/86 61st"]
[Site "Hastings"]
[Date "1985.12.28"]
[Round "1"]
[White "Formanek, Edward W"]
[Black "Conquest, Stuart C"]
[Result "0-1"]
[WhiteElo "2350"]
[BlackElo "2345"]
[PlyCount "58"]
[EventDate "1985.12.28"]
[EventType "tourn"]
[EventRounds "13"]
[EventCountry "ENG"]
[EventCategory "9"]
[SourceTitle "BritBase"]
[Source "John Saunders"]
[SourceDate "2024.12.03"]
[SourceVersion "1"]
[SourceVersionDate "2024.12.03"]
[SourceQuality "1"]

1. d4 Nf6 2. c4 c5 3. d5 b5 4. cxb5 a6 5. bxa6 g6 6. g3 d6 7. Bg2 Bg7 8. Nh3 O-O 9. O-O Nxa6 10. f4 Ng4 11. e3 c4 12. Na3 Nb4 13. Nxc4 Ba6 14. Qxg4 Bxc4 15. Rf2 Nd3 16. Rd2 Qb6 17. Qf3 Rfc8 18. Nf2 Ne1 19. Qe4 Rxa2 20. Rxa2 Bxa2 21. Rd1 Nxg2 22. Kxg2 Bb3 23. Rf1 Qb7 24. Qf3 f5 25. Rd1 Bxd1 26. Qxd1 Rc5 27. e4 fxe4 28. Be3 Rxd5 29. Qa4 Qb5 0-1

[Event "Hastings Premier 1985/86 61st"]
[Site "Hastings"]
[Date "1985.12.28"]
[Round "1"]
[White "Petursson, Margeir"]
[Black "Greenfeld, Alon"]
[Result "1/2-1/2"]
[WhiteElo "2550"]
[BlackElo "2480"]
[PlyCount "108"]
[EventDate "1985.12.28"]
[EventType "tourn"]
[EventRounds "13"]
[EventCountry "ENG"]
[EventCategory "9"]
[SourceTitle "BritBase"]
[Source "John Saunders"]
[SourceDate "2024.12.03"]
[SourceVersion "1"]
[SourceVersionDate "2024.12.03"]
[SourceQuality "1"]

1. d4 Nf6 2. c4 e6 3. Nf3 b6 4. Nc3 Bb4 5. Bg5 Bb7 6. e3 h6 7. Bh4 Bxc3+ 8. bxc3 d6 9. Bd3 Nbd7 10. O-O Qe7 11. Nd2 g5 12. Bg3 h5 13. h4 Rg8 14. f3 O-O-O $6 {14...gh4!} 15. hxg5 Rxg5 16. Bh4 Rg7 17. Ne4 {17.Da4 Kb8 18.Pe4} Rdg8 18. Rf2 Nxe4 $1 19. Bxe7 Nxf2 20. Kxf2 Rxg2+ 21. Ke1 Rh2 22. Bf1 Rg3 23. e4 f5 24. Rc1 Rg1 25. Qd3 Ba6 26. Rd1 $18 fxe4 27. fxe4 d5 28. Qe3 Rgh1 29. Rd2 Rxd2 30. Kxd2 Rxf1 31. cxd5 exd5 32. e5 b5 33. Qh3 b4 34. Bxb4 Rf2+ 35. Ke1 Rf1+ 36. Kd2 Rf2+ 37. Ke3 Rxa2 38. Qxh5 $2 {38.De6+-} Kb7 39. Qf7 Nb6 {40.Ld6+-} 40. e6 Nc4+ 41. Kf3 Ra1 42. Kg3 $2 Nd2 $1 $10 43. Qd7 Ne4+ 44. Kf4 Rf1+ 45. Ke5 Nf6 46. Qd8 Bc4 47. Qxf6 Re1+ 48. Kf5 Rf1+ 49. Kg5 Rxf6 50. Kxf6 Be2 51. e7 Bh5 52. Ke6 Kc6 53. Ba5 Bg4+ 54. Kf7 Bh5+ 1/2-1/2

[Event "Hastings Premier 1985/86 61st"]
[Site "Hastings"]
[Date "1985.12.28"]
[Round "1"]
[White "Rukavina, Josip"]
[Black "Bellon Lopez, Juan Manuel"]
[Result "1-0"]
[WhiteElo "2510"]
[BlackElo "2435"]
[PlyCount "75"]
[EventDate "1985.12.28"]
[EventType "tourn"]
[EventRounds "13"]
[EventCountry "ENG"]
[EventCategory "9"]
[SourceTitle "BritBase"]
[Source "John Saunders"]
[SourceDate "2024.12.03"]
[SourceVersion "1"]
[SourceVersionDate "2024.12.03"]
[SourceQuality "1"]

1. Nf3 d5 2. c4 c6 3. e3 Nf6 4. Nc3 g6 5. b3 Bg7 6. Bb2 Bg4 7. Be2 Nbd7 8. d4 O-O 9. O-O Qb8 10. Rc1 Rd8 11. cxd5 Nxd5 12. Qc2 N7f6 13. a3 Bh6 14. Ne4 Bf5 15. Bd3 Nxe4 16. Bxe4 e6 17. Rfd1 Bf8 18. Bd3 Bxd3 19. Qxd3 Qc7 20. g3 Bg7 21. e4 Ne7 22. Qe3 Rd7 23. Ne5 Bxe5 24. dxe5 Rad8 25. Rd6 Rxd6 26. exd6 Qxd6 27. Qg5 e5 28. Bxe5 Qe6 29. Bb2 Rd6 30. Re1 f6 31. Qe3 Qf7 32. Qxa7 Nc8 33. Qe3 Qe7 34. Qc3 Na7 35. Kg2 Qe6 36. Re3 Kg7 37. Qb4 Qd7 38. Rf3 1-0

[Event "Hastings Premier 1985/86 61st"]
[Site "Hastings"]
[Date "1985.12.29"]
[Round "2"]
[White "Conquest, Stuart C"]
[Black "Cramling, Pia"]
[Result "1-0"]
[WhiteElo "2345"]
[BlackElo "2420"]
[PlyCount "61"]
[EventDate "1985.12.28"]
[EventType "tourn"]
[EventRounds "13"]
[EventCountry "ENG"]
[EventCategory "9"]
[SourceTitle "BritBase"]
[Source "John Saunders"]
[SourceDate "2024.12.03"]
[SourceVersion "1"]
[SourceVersionDate "2024.12.03"]
[SourceQuality "1"]

1. d4 Nf6 2. c4 d6 3. Nc3 Nbd7 4. e4 e5 5. Nf3 g6 6. Be2 Bg7 7. O-O O-O 8. Qc2 c6 9. Rd1 Re8 10. dxe5 dxe5 11. Na4 Qc7 12. b3 h6 13. c5 Nf8 14. Bb2 Bg4 15. Ne1 Bxe2 16. Qxe2 Ne6 17. Nf3 Nh7 18. Rac1 Nhg5 19. Nxg5 hxg5 20. b4 b5 21. cxb6 axb6 22. Nc3 Nd4 23. Qe3 Qe7 24. a3 g4 25. b5 Qh4 26. Qg3 Qh5 27. bxc6 Bh6 28. Kf1 Rad8 29. c7 Rd6 30. Nd5 Rxd5 31. c8=Q 1-0

[Event "Hastings Premier 1985/86 61st"]
[Site "Hastings"]
[Date "1985.12.29"]
[Round "2"]
[White "Greenfeld, Alon"]
[Black "Plaskett, H James"]
[Result "1-0"]
[WhiteElo "2480"]
[BlackElo "2480"]
[PlyCount "115"]
[EventDate "1985.12.28"]
[EventType "tourn"]
[EventRounds "13"]
[EventCountry "ENG"]
[EventCategory "9"]
[SourceTitle "BritBase"]
[Source "John Saunders"]
[SourceDate "2024.12.03"]
[SourceVersion "1"]
[SourceVersionDate "2024.12.03"]
[SourceQuality "1"]

1. Nf3 Nf6 2. c4 b6 3. d4 e6 4. Nc3 Bb4 5. Bg5 Bb7 6. e3 h6 7. Bh4 c5 8. Bd3 d6 9. O-O Bxc3 10. bxc3 Qe7 11. Nd2 Nc6 12. a4 O-O-O 13. a5 g5 14. Bg3 Nxa5 15. Nb3 Nxb3 16. Qxb3 Be4 17. Be2 e5 18. Ra6 Rd7 19. Rfa1 Rb7 20. Qa4 Kb8 21. dxe5 dxe5 22. f3 Bg6 23. f4 Ne4 24. Bf3 h5 25. fxg5 h4 26. Rxa7 Rxa7 27. Bxe5+ Ka8 28. Qc6+ Qb7 29. Rxa7+ Kxa7 30. Qxb7+ Kxb7 31. Bxh8 Kc8 32. Bg4+ Kc7 33. g3 Nxg5 34. gxh4 Ne4 35. h5 Bh7 36. Be5+ Kd8 37. Bf3 Kd7 38. Kg2 f6 39. Bg4+ Kd8 40. Bb8 Nxc3 41. Kf3 b5 42. cxb5 Nxb5 43. Kf4 Ke7 44. Be2 Nd6 45. Bxd6+ Kxd6 46. h6 Ke7 47. Bg4 c4 48. Bf5 Bxf5 49. Kxf5 c3 50. h7 c2 51. h8=Q c1=Q 52. Qxf6+ Ke8 53. Qe6+ Kf8 54. Qd6+ Ke8 55. e4 Qf1+ 56. Qf4 Qh3+ 57. Kg5 Kd8 58. Kg6 1-0

[Event "Hastings Premier 1985/86 61st"]
[Site "Hastings"]
[Date "1985.12.29"]
[Round "2"]
[White "Hjartarson, Johann"]
[Black "Formanek, Edward W"]
[Result "1-0"]
[WhiteElo "2505"]
[BlackElo "2350"]
[PlyCount "43"]
[EventDate "1985.12.28"]
[EventType "tourn"]
[EventRounds "13"]
[EventCountry "ENG"]
[EventCategory "9"]
[SourceTitle "BritBase"]
[Source "John Saunders"]
[SourceDate "2024.12.03"]
[SourceVersion "1"]
[SourceVersionDate "2024.12.03"]
[SourceQuality "1"]

1. e4 c5 2. Nf3 e6 3. d4 cxd4 4. Nxd4 a6 5. Nc3 b5 6. Bd3 Bb7 7. O-O Nf6 8. e5 b4 9. exf6 bxc3 10. fxg7 Bxg7 11. Qg4 Be5 12. bxc3 h5 13. Qh3 Rg8 14. f3 Qa5 15. Be3 Qxc3 16. Qh4 Bd5 17. Rad1 Bxa2 18. Ne2 Qc7 19. c4 Bb3 20. Rb1 Ba4 21. Bb6 Qd6 22. Qd8# 1-0

[Event "Hastings Premier 1985/86 61st"]
[Site "Hastings"]
[Date "1985.12.29"]
[Round "2"]
[White "Mikhalchishin, Adrian"]
[Black "Petursson, Margeir"]
[Result "1/2-1/2"]
[WhiteElo "2505"]
[BlackElo "2550"]
[PlyCount "53"]
[EventDate "1985.12.28"]
[EventType "tourn"]
[EventRounds "13"]
[EventCountry "ENG"]
[EventCategory "9"]
[SourceTitle "BritBase"]
[Source "John Saunders"]
[SourceDate "2024.12.03"]
[SourceVersion "1"]
[SourceVersionDate "2024.12.03"]
[SourceQuality "1"]

1. d4 d5 2. c4 e6 3. Nc3 c5 4. cxd5 exd5 5. Nf3 Nc6 6. g3 Nf6 7. Bg2 Be7 8. O-O O-O 9. Bg5 cxd4 10. Nxd4 Re8 11. e3 Bg4 12. Qa4 Qd7 13. Bxf6 Bxf6 14. Nxd5 Bxd4 15. exd4 Bh3 16. Nc3 Bxg2 17. Kxg2 Qxd4 18. Qxd4 Nxd4 19. Rad1 Rad8 20. Rd2 Nc6 21. Rfd1 Rxd2 22. Rxd2 Kf8 23. f4 f5 24. Nb5 g6 25. Kf3 a6 26. Nd4 Nxd4+ 27. Rxd4 1/2-1/2

[Event "Hastings Premier 1985/86 61st"]
[Site "Hastings"]
[Date "1985.12.29"]
[Round "2"]
[White "Watson, William Nicholas"]
[Black "Balashov, Yuri S"]
[Result "1/2-1/2"]
[WhiteElo "2435"]
[BlackElo "2510"]
[PlyCount "43"]
[EventDate "1985.12.28"]
[EventType "tourn"]
[EventRounds "13"]
[EventCountry "ENG"]
[EventCategory "9"]
[SourceTitle "BritBase"]
[Source "John Saunders"]
[SourceDate "2024.12.03"]
[SourceVersion "1"]
[SourceVersionDate "2024.12.03"]
[SourceQuality "1"]

1. e4 e5 2. Nf3 Nc6 3. Bb5 a6 4. Ba4 d6 5. c3 Bd7 6. d4 Nge7 7. O-O Ng6 8. d5 Nb8 9. Bc2 Be7 10. c4 h6 11. Nc3 Bg4 12. h3 Bxf3 13. Qxf3 Bg5 14. Ba4+ Nd7 15. Bxg5 hxg5 16. Qg4 Ngf8 17. g3 Qf6 18. b4 Qh6 19. Kg2 Ke7 20. Rh1 Qh5 21. Qxh5 Rxh5 22. Rhc1 1/2-1/2

[Event "Hastings Premier 1985/86 61st"]
[Site "Hastings"]
[Date "1985.12.30"]
[Round "3"]
[White "Balashov, Yuri S"]
[Black "Greenfeld, Alon"]
[Result "1/2-1/2"]
[WhiteElo "2510"]
[BlackElo "2480"]
[PlyCount "67"]
[EventDate "1985.12.28"]
[EventType "tourn"]
[EventRounds "13"]
[EventCountry "ENG"]
[EventCategory "9"]
[SourceTitle "BritBase"]
[Source "John Saunders"]
[SourceDate "2024.12.03"]
[SourceVersion "1"]
[SourceVersionDate "2024.12.03"]
[SourceQuality "1"]

1. e4 e5 2. Nf3 Nc6 3. Bb5 a6 4. Ba4 Nf6 5. O-O Be7 6. Re1 b5 7. Bb3 d6 8. c3 O-O 9. h3 Re8 10. d4 Bb7 11. Nbd2 Bf8 12. Bc2 Rc8 13. a3 Nb8 14. a4 Nbd7 15. Bd3 c6 16. b3 Qb6 17. Bb2 g6 18. axb5 axb5 19. c4 Nh5 20. cxb5 cxb5 21. b4 Nf4 22. Bb1 d5 23. Qb3 Bg7 24. dxe5 Nxe5 25. Nxe5 Bxe5 26. Bxe5 Rxe5 27. Qe3 Qf6 28. Nf3 d4 29. Qxd4 Rc1 30. Kf1 Rxe1+ 31. Nxe1 Ne2 32. Qb2 Ng3+ 33. Kg1 Rxe4 34. Qxf6 1/2-1/2

[Event "Hastings Premier 1985/86 61st"]
[Site "Hastings"]
[Date "1985.12.30"]
[Round "3"]
[White "Braga, Fernando Alberto"]
[Black "Bellon Lopez, Juan Manuel"]
[Result "1-0"]
[WhiteElo "2455"]
[BlackElo "2435"]
[PlyCount "79"]
[EventDate "1985.12.28"]
[EventType "tourn"]
[EventRounds "13"]
[EventCountry "ENG"]
[EventCategory "9"]
[SourceTitle "BritBase"]
[Source "John Saunders"]
[SourceDate "2024.12.03"]
[SourceVersion "1"]
[SourceVersionDate "2024.12.03"]
[SourceQuality "1"]

1. e4 c5 2. Nf3 e6 3. d4 cxd4 4. Nxd4 a6 5. Nc3 d6 6. Be2 Nf6 7. a4 Qc7 8. O-O Be7 9. Be3 b6 10. f4 Bb7 11. Bf3 Nbd7 12. Qe1 O-O 13. Kh1 Rac8 14. Bf2 Qb8 15. Bh4 Qa8 16. Rd1 Rfe8 17. e5 dxe5 18. fxe5 Bxf3 19. Nxf3 Nd5 20. Nxd5 Bxh4 21. Nxh4 exd5 22. Nf5 Rc6 23. Qh4 Nxe5 24. Ne7+ Kh8 25. Nxc6 Qxc6 26. h3 f6 27. Rf2 Nc4 28. Qd4 h6 29. Rf3 Re5 30. b3 Nd6 31. c4 Nf5 32. Qf2 Ne7 33. Re3 Qe6 34. Rxe5 fxe5 35. cxd5 Nxd5 36. Qc2 e4 37. Qc4 Nf4 38. Rd8+ Kh7 39. Qxe6 Nxe6 40. Rd6 1-0

[Event "Hastings Premier 1985/86 61st"]
[Site "Hastings"]
[Date "1985.12.30"]
[Round "3"]
[White "Cramling, Pia"]
[Black "Hjartarson, Johann"]
[Result "0-1"]
[WhiteElo "2420"]
[BlackElo "2505"]
[PlyCount "76"]
[EventDate "1985.12.28"]
[EventType "tourn"]
[EventRounds "13"]
[EventCountry "ENG"]
[EventCategory "9"]
[SourceTitle "BritBase"]
[Source "John Saunders"]
[SourceDate "2024.12.03"]
[SourceVersion "1"]
[SourceVersionDate "2024.12.03"]
[SourceQuality "1"]

1. d4 Nf6 2. c4 e6 3. Nf3 b6 4. e3 Bb7 5. Bd3 c5 6. O-O Be7 7. b3 O-O 8. Bb2 cxd4 9. exd4 d5 10. Qe2 Nc6 11. Nbd2 Rc8 12. Rac1 Re8 13. Rfd1 Bf8 14. h3 g6 15. Qe3 dxc4 16. bxc4 Bg7 17. Bc2 Ne7 18. Ba4 Nf5 19. Qb3 Re7 20. Re1 Rec7 21. Rcd1 Nd6 22. Ne5 Nh5 23. c5 bxc5 24. dxc5 Rxc5 25. Ndf3 Bd5 26. Qd3 Qa5 27. Bb3 Nb5 28. Qe3 Nc3 29. Ra1 R5c7 30. Ng4 Qb6 31. Qxb6 axb6 32. Nge5 Nf4 33. Bxd5 Nfxd5 34. Nd4 Na4 35. Ba3 Nac3 36. Bd6 Ra7 37. a3 Ra4 38. Ndf3 f6 0-1

[Event "Hastings Premier 1985/86 61st"]
[Site "Hastings"]
[Date "1985.12.30"]
[Round "3"]
[White "Fedorowicz, John P"]
[Black "Conquest, Stuart C"]
[Result "1/2-1/2"]
[WhiteElo "2515"]
[BlackElo "2345"]
[PlyCount "37"]
[EventDate "1985.12.28"]
[EventType "tourn"]
[EventRounds "13"]
[EventCountry "ENG"]
[EventCategory "9"]
[SourceTitle "BritBase"]
[Source "John Saunders"]
[SourceDate "2024.12.03"]
[SourceVersion "1"]
[SourceVersionDate "2024.12.03"]
[SourceQuality "1"]

1. d4 d5 2. c4 c6 3. Nc3 e6 4. Nf3 dxc4 5. e4 b5 6. Bg5 Be7 7. Bxe7 Nxe7 8. a4 b4 9. Na2 a5 10. Bxc4 O-O 11. O-O Nd7 12. Qc2 c5 13. Rad1 cxd4 14. Nxd4 Qb6 15. Nb5 Ne5 16. Be2 Ba6 17. Rd6 Rac8 18. Qd2 Rfd8 19. Rxd8+ 1/2-1/2

[Event "Hastings Premier 1985/86 61st"]
[Site "Hastings"]
[Date "1985.12.30"]
[Round "3"]
[White "Formanek, Edward W"]
[Black "Watson, William Nicholas"]
[Result "0-1"]
[WhiteElo "2350"]
[BlackElo "2435"]
[PlyCount "80"]
[EventDate "1985.12.28"]
[EventType "tourn"]
[EventRounds "13"]
[EventCountry "ENG"]
[EventCategory "9"]
[SourceTitle "BritBase"]
[Source "John Saunders"]
[SourceDate "2024.12.03"]
[SourceVersion "1"]
[SourceVersionDate "2024.12.03"]
[SourceQuality "1"]

1. d4 Nf6 2. c4 g6 3. Nc3 Bg7 4. e4 d6 5. Be2 O-O 6. Nf3 c6 7. O-O e5 8. dxe5 dxe5 9. Qxd8 Rxd8 10. Bg5 Re8 11. Nd2 Na6 12. Nb3 Nd7 13. Be3 Bf8 14. Na4 f5 15. exf5 gxf5 16. f3 Nf6 17. Rad1 b6 18. Bg5 Kg7 19. Nc3 Nc5 20. g4 Ne6 21. Bxf6+ Kxf6 22. gxf5 Nf4 23. Ne4+ Kxf5 24. Bd3 Nxd3 25. Rxd3 Be6 26. Nbd2 Rad8 27. Rxd8 Rxd8 28. Kf2 b5 29. b3 Bh6 30. Ke2 Bxd2 31. Nxd2 bxc4 32. Nxc4 Bxc4+ 33. bxc4 Rb8 34. Ke3 Rb2 35. f4 Rxa2 36. fxe5+ Kxe5 37. Rf7 Rxh2 38. Re7+ Kd6 39. Rxa7 Kc5 40. Rc7 Rh3+ 0-1

[Event "Hastings Premier 1985/86 61st"]
[Site "Hastings"]
[Date "1985.12.30"]
[Round "3"]
[White "Petursson, Margeir"]
[Black "Rukavina, Josip"]
[Result "1-0"]
[WhiteElo "2550"]
[BlackElo "2510"]
[PlyCount "107"]
[EventDate "1985.12.28"]
[EventType "tourn"]
[EventRounds "13"]
[EventCountry "ENG"]
[EventCategory "9"]
[SourceTitle "BritBase"]
[Source "John Saunders"]
[SourceDate "2024.12.03"]
[SourceVersion "1"]
[SourceVersionDate "2024.12.03"]
[SourceQuality "1"]

1. d4 d6 2. c4 e5 3. Nf3 e4 4. Ng5 f5 5. Nc3 Be7 6. h4 Nf6 7. Bf4 h6 8. Nh3 Be6 9. e3 c6 10. Be2 Bf7 11. h5 Na6 12. Bg3 Nc7 13. Nf4 O-O 14. b4 Qd7 15. O-O d5 16. Qb3 Bd6 17. Rfc1 Bxf4 18. Bxf4 dxc4 19. Bxc4 Ncd5 20. Nxd5 Nxd5 21. Be5 b5 22. Bf1 Nb6 23. Qc3 Bc4 24. a4 Bxf1 25. Kxf1 Nc4 26. axb5 cxb5 27. Ra6 Rf7 28. Kg1 Rc8 29. Qa1 Rc6 30. Bf4 Qb7 31. Ra2 Rd7 32. Rd1 Nb6 33. d5 Rf6 34. d6 Nc4 35. Qd4 Rff7 36. Rda1 Qb8 37. Qd5 Kh7 38. Qe6 Qd8 39. Ra6 Kh8 40. Qd5 Rb7 41. Rc6 Kh7 42. Rd1 Rbd7 43. Qxb5 Nb2 44. Rd5 Nd3 45. Rxf5 Qh4 46. Rc2 Qg4 47. Rxf7 Qd1+ 48. Kh2 Rxf7 49. Qd5 Qxc2 50. Qxf7 Qxf2 51. Qg6+ Kg8 52. Qe8+ Kh7 53. Qxe4+ Kg8 54. Qxd3 1-0

[Event "Hastings Premier 1985/86 61st"]
[Site "Hastings"]
[Date "1985.12.30"]
[Round "3"]
[White "Plaskett, H James"]
[Black "Mikhalchishin, Adrian"]
[Result "1/2-1/2"]
[WhiteElo "2480"]
[BlackElo "2505"]
[PlyCount "23"]
[EventDate "1985.12.28"]
[EventType "tourn"]
[EventRounds "13"]
[EventCountry "ENG"]
[EventCategory "9"]
[SourceTitle "BritBase"]
[Source "John Saunders"]
[SourceDate "2024.12.03"]
[SourceVersion "1"]
[SourceVersionDate "2024.12.03"]
[SourceQuality "1"]

1. e4 e5 2. Nf3 Nf6 3. Nxe5 d6 4. Nf3 Nxe4 5. d4 d5 6. Bd3 Nc6 7. O-O Bg4 8. Re1 Be7 9. c4 Nf6 10. cxd5 Bxf3 11. Qxf3 Qxd5 12. Qxd5 1/2-1/2

[Event "Hastings Premier 1985/86 61st"]
[Site "Hastings"]
[Date "1985.12.31"]
[Round "4"]
[White "Braga, Fernando Alberto"]
[Black "Petursson, Margeir"]
[Result "0-1"]
[WhiteElo "2455"]
[BlackElo "2550"]
[PlyCount "102"]
[EventDate "1985.12.28"]
[EventType "tourn"]
[EventRounds "13"]
[EventCountry "ENG"]
[EventCategory "9"]
[SourceTitle "BritBase"]
[Source "John Saunders"]
[SourceDate "2024.12.03"]
[SourceVersion "1"]
[SourceVersionDate "2024.12.03"]
[SourceQuality "1"]

1. e4 c5 2. Nf3 d6 3. d4 cxd4 4. Nxd4 Nf6 5. Nc3 g6 6. Be2 Bg7 7. O-O O-O 8. Be3 Nc6 9. Nb3 Be6 10. f4 Rc8 11. Kh1 a6 12. Qe1 Na5 13. Bd4 Nc6 14. Bg1 b5 15. Rd1 Bd7 16. Bf3 b4 17. Na4 Qc7 18. Nb6 Rb8 19. Nd5 Nxd5 20. exd5 Na7 21. Bd4 Bxd4 22. Nxd4 Nb5 23. Qxe7 Nxd4 24. Rxd4 Rfe8 25. Qf6 Qxc2 26. h4 h5 27. Bxh5 gxh5 28. f5 Qe2 29. Qg5+ Kh8 30. Rf3 Qe1+ 31. Kh2 Qe5+ 32. Rff4 Qg7 33. Qxh5+ Qh7 34. Qf3 Re5 35. Qd3 Bxf5 36. Qxa6 Qg6 37. Qf1 Rc8 38. Qf2 Rc1 39. Rc4 Rd1 40. h5 Qg5 41. Qh4 Qxh4+ 42. Rxh4 Rdxd5 43. Rxb4 Re2 44. Rhd4 Rxd4 45. Rxd4 Rxb2 46. Rxd6 Be4 47. a4 Rxg2+ 48. Kh3 Rg5 49. Kh4 Ra5 50. Rf6 Kg7 51. Rf4 Rxa4 0-1

[Event "Hastings Premier 1985/86 61st"]
[Site "Hastings"]
[Date "1985.12.31"]
[Round "4"]
[White "Greenfeld, Alon"]
[Black "Formanek, Edward W"]
[Result "1-0"]
[WhiteElo "2480"]
[BlackElo "2350"]
[PlyCount "94"]
[EventDate "1985.12.28"]
[EventType "tourn"]
[EventRounds "13"]
[EventCountry "ENG"]
[EventCategory "9"]
[SourceTitle "BritBase"]
[Source "John Saunders"]
[SourceDate "2024.12.03"]
[SourceVersion "1"]
[SourceVersionDate "2024.12.03"]
[SourceQuality "1"]

1. Nf3 d5 2. d4 c5 3. c4 cxd4 4. cxd5 Nf6 5. Qxd4 Qxd5 6. Nc3 Qxd4 7. Nxd4 a6 8. g3 e5 9. Nc2 Bf5 10. Ne3 Be6 11. Bg2 Nc6 12. a3 Bb3 13. Bd2 O-O-O 14. Rc1 Kb8 15. g4 Nd4 16. g5 Nh5 17. Ned5 Nc2+ 18. Kf1 Nd4 19. h4 Bc5 20. e3 Bc4+ 21. Kg1 Nb3 22. Rd1 f5 23. Be1 e4 24. Bf1 b5 25. Bxc4 bxc4 26. Ne2 Kb7 27. Kg2 Rd6 28. Bb4 Rhd8 29. Ndc3 Bxb4 30. axb4 R8d7 31. f3 Kc6 32. fxe4 fxe4 33. Rhf1 Rd5 34. Nxd5 Rxd5 35. Rxd5 Kxd5 36. Rf5+ Ke6 37. Rf8 Nc1 38. Rc8 Nd3 39. Rxc4 Kd5 40. b3 h6 41. Kh2 hxg5 42. hxg5 Ke5 43. Kh3 Kf5 44. Kh4 g6 45. Rc6 Nxb4 46. Rc5+ Ke6 47. Rc4 Nc6 1-0

[Event "Hastings Premier 1985/86 61st"]
[Site "Hastings"]
[Date "1985.12.31"]
[Round "4"]
[White "Mikhalchishin, Adrian"]
[Black "Balashov, Yuri S"]
[Result "1/2-1/2"]
[WhiteElo "2505"]
[BlackElo "2510"]
[PlyCount "88"]
[EventDate "1985.12.28"]
[EventType "tourn"]
[EventRounds "13"]
[EventCountry "ENG"]
[EventCategory "9"]
[SourceTitle "BritBase"]
[Source "John Saunders"]
[SourceDate "2024.12.03"]
[SourceVersion "1"]
[SourceVersionDate "2024.12.03"]
[SourceQuality "1"]

1. d4 Nf6 2. c4 g6 3. Nc3 Bg7 4. e4 d6 5. Nf3 O-O 6. Be2 Nbd7 7. O-O e5 8. Re1 c6 9. Bf1 exd4 10. Nxd4 Ng4 11. h3 Qb6 12. hxg4 Qxd4 13. Be3 Qxd1 14. Raxd1 Ne5 15. g5 Be6 16. c5 dxc5 17. Bxc5 Rfe8 18. f4 Nd7 19. Bd4 h6 20. gxh6 Bxh6 21. g3 f6 22. Kf2 Bf8 23. Kf3 a5 24. Rd2 Bc5 25. Red1 Bxd4 26. Rxd4 Nc5 27. g4 Kf8 28. f5 Bf7 29. Bc4 gxf5 30. exf5 Bxc4 31. Rxc4 Re5 32. Ne4 Nxe4 33. Rxe4 Rxe4 34. Kxe4 Re8+ 35. Kf3 Re5 36. Rd7 Rb5 37. b3 a4 38. bxa4 Rb2 39. Kg3 Rxa2 40. Rxb7 c5 41. Rc7 Rxa4 42. Kh4 Re4 43. Rxc5 Re7 44. Kh5 Kg7 1/2-1/2

[Event "Hastings Premier 1985/86 61st"]
[Site "Hastings"]
[Date "1985.12.31"]
[Round "4"]
[White "Watson, William Nicholas"]
[Black "Cramling, Pia"]
[Result "1-0"]
[WhiteElo "2435"]
[BlackElo "2420"]
[PlyCount "49"]
[EventDate "1985.12.28"]
[EventType "tourn"]
[EventRounds "13"]
[EventCountry "ENG"]
[EventCategory "9"]
[SourceTitle "BritBase"]
[Source "John Saunders"]
[SourceDate "2024.12.03"]
[SourceVersion "1"]
[SourceVersionDate "2024.12.03"]
[SourceQuality "1"]

1. e4 c5 2. Nf3 e6 3. d4 cxd4 4. Nxd4 a6 5. Nc3 Nc6 6. Bf4 d6 7. Bg3 Nf6 8. Be2 Be7 9. Nxc6 bxc6 10. e5 Nd5 11. exd6 Bxd6 12. Ne4 Bxg3 13. hxg3 f5 14. Bh5+ Ke7 15. Nd2 Qb6 16. b3 Qd4 17. O-O Nc3 18. Qc1 a5 19. Nf3 Qd6 20. Re1 Ne4 21. Ng5 Qc5 22. Qf4 Rf8 23. Rad1 Bd7 24. Nxh7 e5 25. Rxe4 1-0